Normal view
MARC view
Entry Personal Name
001 - CONTROL NUMBER
- control field: 86504
003 - CONTROL NUMBER IDENTIFIER
- control field: dpl
005 - DATE AND TIME OF LATEST TRANSACTION
- control field: 20260116124127.0
008 - FIXED-LENGTH DATA ELEMENTS
- fixed length control field: 260116|| aca||aabn | a|a d
040 ## - CATALOGING SOURCE
- Original cataloging agency: dpl
- Transcribing agency: dpl
100 ## - HEADING--PERSONAL NAME
- Personal name: गिनोडिया , पवन कुमार
670 ## - SOURCE DATA FOUND
- Source citation: Work cat.: (dpl)214223: गिनोडिया , पवन कुमार , तौल-तौल के बोल:, 2020
